Statistics for Ukraine National Football Team

Click here to take the quiz!

General Stats

  • This quiz has been taken 290 times
    (77 since last reset)
  • The average score is 4 of 17

Answer Stats

GoalsCapsPlayer% Correct
48111Andriy Shevchenko
90%
960Oleksandr Zinchenko
61%
46116Andriy Yarmolenko
52%
0102Andriy Pyatov
42%
481Taras Stepanenko
30%
2187Yevhen Konoplyanka
25%
1575Serhiy Rebrov
22%
4144Anatoliy Tymoshchuk
21%
1448Roman Yaremchuk
21%
092Oleksandr Shovkovskyi
6%
971Andriy Husin
4%
968Andriy Vorobey
4%
8100Ruslan Rotan
4%
1158Yevhen Seleznyov
4%
1256Serhiy Nazarenko
3%
1251Viktor Tsyhankov
1%
1398Oleh Husyev
0%

Score Distribution

Percentile by Number Answered

Percent of People with Each Score

Your Score History

You have not taken this quiz since the last reset